[Event "C.to Europeo U16 femminile"]
[Site "Fermo ITA"]
[Date "2009.08.31"]
[Round "1"]
[White "Danelia, Mariam"]
[Black "Hughes, Rhian"]
[Result "1-0"]
[WhiteElo "2151"]
[BlackElo "1850"]
[PlyCount "61"]
[EventDate "2009.08.31"]

1. d4 d5 2. c4 c6 3. Nf3 Nf6 4. Nc3 e6 5. Bg5 Be7 6. e3 Nbd7 7. Qc2 O-O 8. Rd1
b6 9. Bd3 Bb7 10. O-O Rc8 11. Qe2 c5 12. Ne5 cxd4 13. exd4 Nb8 14. Rfe1 Nc6 15.
Nxc6 Bxc6 16. cxd5 Nxd5 17. Bxe7 Qxe7 18. Nxd5 Bxd5 19. Qh5 f5 20. Bxf5 g6 21.
Bxg6 Qg7 22. Be4 Rf5 23. Qh3 Bxe4 24. Rxe4 Qf7 25. Qg3+ Kh8 26. Re2 Rg8 27. Qc3
Qg7 28. g3 Qf6 29. Rde1 Re8 30. f4 Rd5 31. Re5 1-0

[Event "C.to Europeo U16 femminile"]
[Site "Fermo ITA"]
[Date "2009.08.31"]
[Round "1"]
[White "De Seroux, Camille"]
[Black "Yashchenko, Olena"]
[Result "0-1"]
[WhiteElo "1950"]
[BlackElo "1645"]
[PlyCount "77"]
[EventDate "2009.08.31"]

1. e4 c6 2. d4 d5 3. Nc3 dxe4 4. Nxe4 Bf5 5. Ng3 Bg6 6. h4 h6 7. Nf3 Nd7 8. h5
Bh7 9. Bd3 Bxd3 10. Qxd3 e6 11. Bf4 Qa5+ 12. Bd2 Qc7 13. O-O-O Ngf6 14. Ne4
Nxe4 15. Qxe4 Nf6 16. Qe2 O-O-O 17. Kb1 Bd6 18. g3 Rhe8 19. Ne5 c5 20. Rh4 Kb8
21. Nc4 Nd5 22. Nxd6 Qxd6 23. dxc5 Qxc5 24. Rc4 Qb6 25. Re1 Rc8 26. Qe5+ Ka8
27. Rxc8+ Rxc8 28. Qxg7 Qxf2 29. Qxh6 Qxg3 30. Rf1 Qc7 31. Qh7 Qh2 32. Kc1 Qe2
33. Qxf7 Ne3 34. Re1 Qd3 35. Qg6 Qxc2+ 36. Qxc2 Nxc2 37. Re4 Nd4+ 38. Kd1 Nf3
39. Rf4 0-1

[Event "C.to Europeo U16 femminile"]
[Site "Fermo ITA"]
[Date "2009.08.31"]
[Round "1"]
[White "Dugnaite, Gerda"]
[Black "Bogdan, Ekaterina"]
[Result "0-1"]
[WhiteElo "1643"]
[BlackElo "1943"]
[PlyCount "64"]
[EventDate "2009.08.31"]

1. e4 e5 2. Nf3 Nc6 3. Bb5 f5 4. d4 exd4 5. exf5 Bb4+ 6. Bd2 Bxd2+ 7. Nbxd2 a6
8. Ba4 b5 9. Bb3 d5 10. O-O Nge7 11. Ng5 Bxf5 12. Re1 O-O 13. Ne6 Bxe6 14. Rxe6
Qd7 15. Qe2 Ng6 16. Re4 Kh8 17. Qg4 Qxg4 18. Rxg4 Nce5 19. Rg3 Nf4 20. Kf1 c5
21. Rg5 Nf7 22. Rf5 Nh6 23. Rxf8+ Rxf8 24. c3 c4 25. Bd1 Nd3 26. Nf3 Ng4 27. h3
Ngxf2 28. cxd4 Nxd1 29. Rxd1 Nxb2 30. Rc1 b4 31. Ke2 Re8+ 32. Ne5 Nd3 0-1

[Event "C.to Europeo U16 femminile"]
[Site "Fermo ITA"]
[Date "2009.08.31"]
[Round "1"]
[White "Edes, Zsofia"]
[Black "Cavalli, Benedetta"]
[Result "1-0"]
[WhiteElo "1924"]
[BlackElo "1521"]
[PlyCount "73"]
[EventDate "2009.08.31"]

1. d4 f5 2. c4 Nf6 3. Nc3 e6 4. Bf4 Be7 5. Nf3 d6 6. e3 O-O 7. Bd3 Nh5 8. Bg3
Nd7 9. Nd2 Qe8 10. Be2 Nhf6 11. e4 Nxe4 12. Ndxe4 f4 13. Bd3 fxg3 14. hxg3 Qf7
15. Rxh7 d5 16. cxd5 exd5 17. Qe2 dxe4 18. Bc4 Kxh7 19. Bxf7 Rxf7 20. O-O-O
Bg5+ 21. Kb1 Nf6 22. Qc4 Kg6 23. f4 Bh6 24. Re1 c6 25. Nd1 Bf5 26. Ne3 Rd7 27.
Qc5 Nd5 28. Nc4 Kh7 29. Ne5 Re7 30. g4 e3+ 31. gxf5 Bxf4 32. Ng6 Bg3 33. Rh1+
Kg8 34. Nxe7+ Kf7 35. Nxd5 Re8 36. Nxe3 Rxe3 37. Qxa7 1-0

[Event "C.to Europeo U16 femminile"]
[Site "Fermo ITA"]
[Date "2009.08.31"]
[Round "1"]
[White "Froewis, Annika"]
[Black "Monteiro Da Silva, Joana Filipa"]
[Result "1-0"]
[WhiteElo "1933"]
[BlackElo "1458"]
[PlyCount "75"]
[EventDate "2009.08.31"]

1. e4 e5 2. Nf3 Nc6 3. d4 d6 4. Bb5 Bd7 5. O-O Nf6 6. Nc3 h6 7. Re1 Be7 8. h3
O-O 9. Bxc6 bxc6 10. dxe5 Nh7 11. Bf4 Be6 12. Nd4 Qd7 13. Qd3 f5 14. exd6 cxd6
15. Nxe6 Qxe6 16. exf5 Qd7 17. Rad1 d5 18. g4 Bd6 19. Nxd5 cxd5 20. Qxd5+ Kh8
21. Qxd6 Qxd6 22. Rxd6 Rac8 23. Re7 Nf6 24. c3 Rcd8 25. Rxd8 Rxd8 26. Be5 Ne8
27. Rxa7 Kg8 28. b4 Kf8 29. c4 Rd1+ 30. Kg2 Re1 31. Bd4 Re4 32. Rd7 Re2 33. a4
Rc2 34. c5 Rc4 35. b5 Rxa4 36. c6 Rb4 37. Bc5+ Kg8 38. Bxb4 1-0

[Event "C.to Europeo U16 femminile"]
[Site "Fermo ITA"]
[Date "2009.08.31"]
[Round "1"]
[White "Gunther, Marcella"]
[Black "Haast, Anne"]
[Result "1/2-1/2"]
[WhiteElo "1857"]
[BlackElo "2158"]
[PlyCount "110"]
[EventDate "2009.08.31"]

1. e4 e5 2. Nf3 Nc6 3. d4 exd4 4. Nxd4 Nf6 5. Nc3 Bb4 6. Nxc6 bxc6 7. Bd3 d5 8.
exd5 cxd5 9. O-O O-O 10. Bg5 c6 11. Qf3 Bd6 12. Na4 h6 13. Bxf6 Qxf6 14. Qxf6
gxf6 15. c4 Rb8 16. b3 Be6 17. Rac1 Rfc8 18. Rfd1 Kg7 19. g3 f5 20. f4 Kf6 21.
Nc3 Bc5+ 22. Kg2 dxc4 23. bxc4 Rb4 24. Rb1 Rxb1 25. Rxb1 Rd8 26. Rd1 Ke7 27.
Be2 Rxd1 28. Nxd1 Bd4 29. Kf3 Kd6 30. Bd3 Kc5 31. a3 Bxc4 32. Bxf5 Bd5+ 33. Ke2
Bg1 34. h3 Kd4 35. g4 Bh2 36. Ne3 Bxf4 37. Nxd5 cxd5 38. a4 Bc7 39. Bd3 Bd8 40.
Bb5 Ke4 41. Be8 f6 42. h4 Kf4 43. Bd7 h5 44. gxh5 f5 45. Be6 Ke4 46. h6 Bxh4
47. Bf7 Bf6 48. Be6 Be5 49. h7 Bg7 50. Bf7 Bh8 51. Be6 Be5 52. Bf7 Bh8 53. Be6
d4 54. Bc4 Kf4 55. Kf2 Bf6 1/2-1/2

[Event "C.to Europeo U16 femminile"]
[Site "Fermo ITA"]
[Date "2009.08.31"]
[Round "1"]
[White "Hohluka, Arina"]
[Black "Perera Borrego, Mariela"]
[Result "0-1"]
[WhiteElo "1654"]
[BlackElo "1969"]
[PlyCount "60"]
[EventDate "2009.08.31"]

1. d4 d5 2. Nf3 Nf6 3. Bf4 c5 4. e3 Nc6 5. h3 Bf5 6. c3 Qb6 7. Qb3 c4 8. Qxb6
axb6 9. Nbd2 e6 10. Be2 b5 11. O-O b4 12. Ne5 bxc3 13. bxc3 Nxe5 14. Bxe5 Ba3
15. Bxf6 gxf6 16. e4 Bxe4 17. Nxe4 dxe4 18. Bxc4 O-O 19. Rab1 Rfc8 20. Be2 Rxc3
21. Rxb7 Bd6 22. Bh5 Bc7 23. Ra1 Rxa2 24. Re1 Ra5 25. g4 f5 26. Kg2 Ra2 27. Kf1
Rd2 28. gxf5 exf5 29. Rb5 Rxh3 30. Bxf7+ Kxf7 0-1

[Event "C.to Europeo U16 femminile"]
[Site "Fermo ITA"]
[Date "2009.08.31"]
[Round "1"]
[White "Johannsdottir, Johanna Bjorg"]
[Black "Neuhauser, Salome"]
[Result "0-1"]
[WhiteElo "1721"]
[BlackElo "2021"]
[PlyCount "60"]
[EventDate "2009.08.31"]

1. e4 c5 2. c3 g6 3. d4 cxd4 4. cxd4 d5 5. e5 Bg7 6. f4 Nc6 7. Nf3 Nh6 8. Be3
Bg4 9. Nbd2 Nf5 10. Qb3 Nxe3 11. Qxe3 Qb6 12. b3 Nb4 13. Bd3 Nxd3+ 14. Qxd3 O-O
15. O-O Rac8 16. Rac1 Bf5 17. Qe2 Qb4 18. h3 Bh6 19. g4 Bd7 20. Qh2 Qa3 21. Nb1
Qxc1 22. Rxc1 Rxc1+ 23. Kg2 Rxb1 24. Kg3 Rc8 25. h4 Rbc1 26. h5 R8c2 27. Qh4
Bf8 28. hxg6 fxg6 29. Qg5 Rf1 30. Nh2 Rg1+ 0-1

[Event "C.to Europeo U16 femminile"]
[Site "Fermo ITA"]
[Date "2009.08.31"]
[Round "1"]
[White "Kantor, Reka"]
[Black "Meireles, Ana"]
[Result "1-0"]
[WhiteElo "1941"]
[BlackElo "1611"]
[PlyCount "43"]
[EventDate "2009.08.31"]

1. e4 e6 2. d4 d5 3. e5 c5 4. c3 Nc6 5. Nf3 Qb6 6. a3 Nge7 7. Bd3 cxd4 8. cxd4
Bd7 9. Bc2 a5 10. Nc3 Nc8 11. O-O Be7 12. Re1 O-O 13. Qd3 g6 14. Bh6 Rd8 15.
Re3 Qxb2 16. Rb1 Qxa3 17. Qd2 Bb4 18. Ng5 Bxc3 19. Rxc3 Qe7 20. Rh3 Nb4 21.
Nxh7 f5 22. Bg5 1-0

[Event "C.to Europeo U16 femminile"]
[Site "Fermo ITA"]
[Date "2009.08.31"]
[Round "1"]
[White "Krumova, Ani"]
[Black "Venturelli, Miriam"]
[Result "1-0"]
[WhiteElo "1904"]
[BlackElo "1520"]
[PlyCount "61"]
[EventDate "2009.08.31"]

1. d4 Nf6 2. Nf3 d5 3. e3 Bg4 4. h3 Bh5 5. g4 Bg6 6. Ne5 Nbd7 7. h4 h6 8. Nxg6
fxg6 9. Bd3 e5 10. Bxg6+ Ke7 11. b3 Qc8 12. Bf5 e4 13. c4 c6 14. f3 Qe8 15. h5
Kd8 16. cxd5 cxd5 17. Bd2 Bd6 18. f4 Qf7 19. Nc3 Nb6 20. Nb5 Bf8 21. Rc1 Ng8
22. Nc7 Rb8 23. Ne6+ Ke7 24. Rc7+ Nd7 25. Bb4+ Kf6 26. Nxf8 Rxf8 27. Rxd7 Ne7
28. Rd6+ Qe6 29. Rxe6+ Kf7 30. Rxe7+ Kg8 31. Qc2 1-0

[Event "C.to Europeo U16 femminile"]
[Site "Fermo ITA"]
[Date "2009.08.31"]
[Round "1"]
[White "Martin Fuentes, Paula"]
[Black "Dines, Sheila J."]
[Result "0-1"]
[WhiteElo "1547"]
[BlackElo "1936"]
[PlyCount "44"]
[EventDate "2009.08.31"]

1. e4 e5 2. Nf3 Nc6 3. d4 exd4 4. Bc4 Nf6 5. O-O Nxe4 6. Re1 d5 7. Bxd5 Qxd5 8.
Nc3 Qh5 9. Nxe4 Be6 10. Neg5 O-O-O 11. Nxe6 fxe6 12. Rxe6 Bd6 13. Re1 h6 14. h3
g5 15. Nh2 Qg6 16. Bd2 h5 17. Rc1 Rdg8 18. g3 Kb8 19. Nf3 g4 20. Ng5 gxh3 21.
Nxh3 Bxg3 22. Kf1 Qf5 0-1

[Event "C.to Europeo U16 femminile"]
[Site "Fermo ITA"]
[Date "2009.08.31"]
[Round "1"]
[White "Narva, Triin"]
[Black "Bukhteeva, Viktoria"]
[Result "0-1"]
[WhiteElo "1865"]
[BlackElo "2175"]
[PlyCount "80"]
[EventDate "2009.08.31"]

1. e4 d5 2. exd5 Nf6 3. Nc3 Nxd5 4. d4 Bf5 5. Nxd5 Qxd5 6. Nf3 Nc6 7. Be3 O-O-O
8. c3 e5 9. Qb3 Qa5 10. dxe5 Nxe5 11. Nxe5 Qxe5 12. Be2 Be4 13. O-O Bd6 14. f4
Qe7 15. Rae1 Bc5 16. Bxc5 Qxc5+ 17. Kh1 f5 18. Bf3 Rhe8 19. Qa4 Bc6 20. Bxc6
bxc6 21. Rxe8 Rxe8 22. Qa6+ Kb8 23. Qd3 Re3 24. Qd7 Re7 25. Qd3 Re3 26. Qd7 Qc4
27. Rd1 Qe4 28. Rg1 Re1 29. h3 Re3 30. Qd8+ Kb7 31. Qh4 h6 32. Kh2 g5 33. Qxh6
Qxf4+ 34. Kh1 Qe4 35. Qh5 g4 36. hxg4 fxg4 37. Kh2 Qf4+ 38. Kh1 g3 39. Qh3 Qf2
40. Qg4 Qxg1+ 0-1

[Event "C.to Europeo U16 femminile"]
[Site "Fermo ITA"]
[Date "2009.08.31"]
[Round "1"]
[White "Nieto Asencio, Maria del Carmen"]
[Black "Collado Barbas, Laura"]
[Result "0-1"]
[WhiteElo "1634"]
[BlackElo "2055"]
[PlyCount "84"]
[EventDate "2009.08.31"]

1. d4 d5 2. Nf3 e6 3. e3 c5 4. b3 Nd7 5. Bd3 Ngf6 6. O-O b6 7. Bb2 Bd6 8. Ne5
Qc7 9. f4 Bb7 10. Nd2 O-O 11. Rc1 Rac8 12. g4 Ne4 13. Nxe4 dxe4 14. Bb5 Nxe5
15. dxe5 Be7 16. Qe2 a6 17. Bxa6 Bxa6 18. Qxa6 Ra8 19. Qc4 Rxa2 20. Bc3 Qc6 21.
Qe2 b5 22. Ra1 Rfa8 23. Rxa2 Rxa2 24. Ra1 Rxa1+ 25. Bxa1 b4 26. Bb2 Kf8 27. Bc1
Qd7 28. Kf1 Ke8 29. Qd2 Qxd2 30. Bxd2 Kd7 31. c3 bxc3 32. Bxc3 Kc6 33. Ke2 Kd5
34. g5 c4 35. bxc4+ Kxc4 36. Bd4 Bc5 37. Bb2 Kb3 38. Bd4 Bxd4 39. exd4 Kc4 40.
Ke3 Kd5 41. h3 h6 42. h4 hxg5 0-1

[Event "C.to Europeo U16 femminile"]
[Site "Fermo ITA"]
[Date "2009.08.31"]
[Round "1"]
[White "Pavlidou, Ekaterini"]
[Black "Soylemez, Cansu"]
[Result "1-0"]
[WhiteElo "2179"]
[BlackElo "1879"]
[PlyCount "119"]
[EventDate "2009.08.31"]

1. d4 Nf6 2. c4 e6 3. Nc3 Bb4 4. Qc2 O-O 5. a3 Bxc3+ 6. Qxc3 d6 7. Bg5 Nbd7 8.
Nf3 Re8 9. e3 e5 10. dxe5 dxe5 11. Rd1 Qe7 12. Qc2 Nf8 13. Be2 Bg4 14. O-O Bh5
15. b4 h6 16. Bh4 Bg6 17. Qb2 a5 18. c5 Be4 19. Nd2 Bc6 20. Nc4 axb4 21. axb4
Bb5 22. Na5 Bxe2 23. Qxe2 b6 24. Nc6 Qe6 25. Qb5 bxc5 26. Bxf6 Qxf6 27. Qxc5
Qg5 28. Rd5 Ng6 29. f4 Qg4 30. Nxe5 Nxe5 31. Rxe5 Rxe5 32. fxe5 Qe2 33. Qxc7
Qxe3+ 34. Kh1 Ra7 35. Qc8+ Kh7 36. Qf5+ Kg8 37. h3 Re7 38. Rd1 Rxe5 39. Rd8+
Re8 40. Rxe8+ Qxe8 41. b5 Qe3 42. Qc8+ Kh7 43. Qc7 f5 44. b6 f4 45. Qc2+ Kh8
46. Qb1 Qe5 47. b7 Qb8 48. Qe4 g5 49. Qe7 Kg8 50. Kg1 f3 51. Qe6+ Kg7 52. Qd7+
Kf6 53. Qd4+ Kf7 54. Qd5+ Ke7 55. Qxf3 Kd7 56. Kf2 Qa7+ 57. Kg3 Kc7 58. Qf7+
Kc6 59. Qe8+ Kc7 60. b8=Q+ 1-0

[Event "C.to Europeo U16 femminile"]
[Site "Fermo ITA"]
[Date "2009.08.31"]
[Round "1"]
[White "Purgar, Ivona"]
[Black "Meseljyan, Astghik"]
[Result "1-0"]
[WhiteElo "2079"]
[BlackElo "1774"]
[PlyCount "79"]
[EventDate "2009.08.31"]

1. e4 e5 2. Nf3 Nc6 3. Bb5 a6 4. Ba4 Nf6 5. O-O Be7 6. Re1 b5 7. Bb3 d6 8. c3
O-O 9. h3 Na5 10. Bc2 c5 11. d4 Qc7 12. Nbd2 cxd4 13. cxd4 Nc6 14. Nb3 a5 15.
Be3 a4 16. Nbd2 Bd7 17. Rc1 Qb7 18. a3 Rac8 19. Bd3 Rfe8 20. dxe5 Nxe5 21. Rxc8
Rxc8 22. Bb1 b4 23. Nd4 bxa3 24. bxa3 Rc3 25. Nf5 Bxf5 26. exf5 Rxa3 27. Bd4 h6
28. Qc1 Nd3 29. Qxa3 Nxe1 30. Qg3 Qc8 31. Bc3 Nh5 32. Qg4 Nf6 33. Qg3 Nh5 34.
Qg4 Nf6 35. Bxf6 Bxf6 36. Ne4 Be5 37. f6 g6 38. Qxc8+ Kh7 39. Qf8 Bh2+ 40. Kh1
1-0

[Event "C.to Europeo U16 femminile"]
[Site "Fermo ITA"]
[Date "2009.08.31"]
[Round "1"]
[White "Salido Polo, Veronica"]
[Black "Schut, Lisa"]
[Result "1-0"]
[WhiteElo "1880"]
[BlackElo "2212"]
[PlyCount "39"]
[EventDate "2009.08.31"]

1. e4 c5 2. Nf3 d6 3. d4 cxd4 4. Nxd4 Nf6 5. Nc3 a6 6. Be3 e5 7. Nb3 Be6 8. f3
Be7 9. Qd2 O-O 10. O-O-O Nbd7 11. Qf2 b5 12. Kb1 b4 13. Nd5 a5 14. Nc1 a4 15.
Nxb4 Qa5 16. Nc6 Qc7 17. Nxe7+ Kh8 18. Nd5 Bxd5 19. exd5 Rfb8 20. c4 1-0

[Event "C.to Europeo U16 femminile"]
[Site "Fermo ITA"]
[Date "2009.08.31"]
[Round "1"]
[White "Schulz, Anja"]
[Black "Gijsen, Michelle"]
[Result "1-0"]
[WhiteElo "1987"]
[BlackElo "1679"]
[PlyCount "53"]
[EventDate "2009.08.31"]

1. e4 e5 2. Nf3 Nc6 3. Bb5 a6 4. Ba4 Nf6 5. d3 Bc5 6. O-O d6 7. c3 Ba7 8. Re1
O-O 9. h3 Re8 10. Bg5 h6 11. Bh4 b5 12. Bc2 Qe7 13. Nbd2 Nd8 14. Nh2 c5 15.
Ndf1 Ne6 16. Ne3 Nf4 17. Nhg4 Kh8 18. Bxf6 gxf6 19. Nxh6 Qf8 20. Nef5 Bxf5 21.
Nxf5 Qg8 22. Qf3 Qh7 23. g3 Rg8 24. h4 Rad8 25. Kh2 Ne6 26. Ne7 Rg7 27. Qxf6
1-0

[Event "C.to Europeo U16 femminile"]
[Site "Fermo ITA"]
[Date "2009.08.31"]
[Round "1"]
[White "Sop, Selen"]
[Black "Kazimova, Narmin Nizami Qizi"]
[Result "1/2-1/2"]
[WhiteElo "1893"]
[BlackElo "2218"]
[PlyCount "59"]
[EventDate "2009.08.31"]

1. c4 e5 2. g3 Nc6 3. Bg2 d6 4. Nc3 Be6 5. d3 Qd7 6. Rb1 g6 7. b4 Bg7 8. e3 f5
9. Nge2 Nge7 10. Nd5 O-O 11. O-O Nd8 12. b5 c6 13. bxc6 bxc6 14. Nxe7+ Qxe7 15.
Qa4 Bd7 16. Qa6 g5 17. f4 exf4 18. gxf4 g4 19. Bd2 h5 20. Rb3 h4 21. Rfb1 Be8
22. Rb8 Rxb8 23. Rxb8 g3 24. hxg3 Bh5 25. Kf2 Kh7 26. Ra8 Rf7 27. Qc8 Rf8 28.
Qa6 Rf7 29. Qc8 Rf8 30. Qa6 1/2-1/2

[Event "C.to Europeo U16 femminile"]
[Site "Fermo ITA"]
[Date "2009.08.31"]
[Round "1"]
[White "Suarez Calvo, Alesandra"]
[Black "Forsa, Elise"]
[Result "1-0"]
[WhiteElo "2023"]
[BlackElo "1728"]
[PlyCount "69"]
[EventDate "2009.08.31"]

1. e4 c5 2. Nf3 e6 3. d4 cxd4 4. Nxd4 a6 5. Nc3 Qc7 6. Be2 Nf6 7. O-O d6 8. Be3
b5 9. a3 Bb7 10. Bd3 Nbd7 11. f4 Nc5 12. Qf3 Be7 13. Nb3 Ncd7 14. Qg3 O-O 15.
Qh3 Rfe8 16. g4 Nf8 17. g5 N6d7 18. f5 exf5 19. exf5 f6 20. g6 hxg6 21. fxg6
Ne5 22. Bf5 Nexg6 23. Nd4 Bc8 24. Nd5 Qb7 25. Qf3 Kf7 26. Be4 Ne5 27. Qg3 Qb8
28. Nxe7 Rxe7 29. Bd5+ Ne6 30. Nf5 Rd7 31. Qxg7+ Ke8 32. Qg8+ Nf8 33. Bh6 Neg6
34. Ng7+ Kd8 35. Ne6+ 1-0

[Event "C.to Europeo U16 femminile"]
[Site "Fermo ITA"]
[Date "2009.08.31"]
[Round "1"]
[White "Vasilescu, Maria"]
[Black "Miladinovic, Lena"]
[Result "1/2-1/2"]
[WhiteElo "1761"]
[BlackElo "2026"]
[PlyCount "71"]
[EventDate "2009.08.31"]

1. e4 c5 2. Nf3 e6 3. d4 cxd4 4. Nxd4 Nf6 5. Nc3 d6 6. Be2 a6 7. O-O Qc7 8. f4
Nbd7 9. Bf3 Rb8 10. Kh1 b5 11. Re1 Bb7 12. e5 dxe5 13. fxe5 Nxe5 14. Bf4 Bxf3
15. Nxf3 Nfg4 16. Bxe5 Nf2+ 17. Kg1 Qb6 18. Qe2 Rd8 19. Bd4 Nh3+ 20. gxh3 Rxd4
21. Nxd4 Bc5 22. Kh1 Bxd4 23. Qe4 O-O 24. Rad1 Bc5 25. Rd7 Bf2 26. Re2 Bc5 27.
a3 Bd6 28. h4 Bb8 29. Nd1 Ba7 30. Re1 Qc5 31. b4 Qb6 32. Rb7 Qd4 33. c3 Qxe4+
34. Rxe4 Bb8 35. Nf2 e5 36. Nd3 1/2-1/2

[Event "C.to Europeo U16 femminile"]
[Site "Fermo ITA"]
[Date "2009.08.31"]
[Round "1"]
[White "Venturelli, Ester"]
[Black "Kessler, Michaela"]
[Result "0-1"]
[WhiteElo "1572"]
[BlackElo "1913"]
[PlyCount "94"]
[EventDate "2009.08.31"]

1. e4 c5 2. c3 Nf6 3. e5 Nd5 4. d4 cxd4 5. Nf3 e6 6. cxd4 d6 7. Bc4 Nb6 8. Bb3
Bd7 9. Nc3 Bc6 10. O-O N8d7 11. Bf4 dxe5 12. dxe5 Be7 13. Nd4 O-O 14. Nxc6 bxc6
15. Qg4 Kh8 16. Bc2 Nd5 17. Qh3 g6 18. Nxd5 cxd5 19. Qf3 Kg8 20. Rac1 Rb8 21.
Be3 Rxb2 22. Bb3 Nxe5 23. Qd1 Ba3 24. Bxa7 Qa5 25. Bd4 Rd2 26. Qe1 Nd3 27. Bc3
Nxe1 28. Bxa5 Bxc1 29. Rxe1 Rc8 30. Bxd2 Bxd2 31. Rd1 Bc3 32. Rc1 d4 33. Kf1
Kg7 34. Ke2 e5 35. Kd3 f5 36. f3 Kf6 37. Bc4 e4+ 38. fxe4 fxe4+ 39. Kxe4 Rxc4
40. Rf1+ Ke7 41. Kd3 Rc7 42. Kc2 Ke6 43. Kb3 Kd5 44. a4 Ke4 45. Kc2 d3+ 46. Kd1
Rb7 47. Kc1 Ke3 0-1

[Event "C.to Europeo U16 femminile"]
[Site "Fermo ITA"]
[Date "2009.08.31"]
[Round "1"]
[White "Vince, Andrea"]
[Black "Palmitessa, Chiara"]
[Result "1-0"]
[WhiteElo "2092"]
[BlackElo "1807"]
[PlyCount "57"]
[EventDate "2009.08.31"]

1. d4 d5 2. c4 e6 3. Nc3 Nf6 4. cxd5 exd5 5. Bg5 Be7 6. e3 c6 7. Qc2 O-O 8. Bd3
h6 9. Bf4 Be6 10. h3 Nbd7 11. Nf3 Re8 12. g4 Nf8 13. O-O-O N6d7 14. Rdg1 b5 15.
g5 h5 16. g6 f6 17. Bf5 b4 18. Na4 c5 19. Kb1 Qa5 20. Nh4 cxd4 21. exd4 Rac8
22. Qd1 Qa6 23. Qxh5 Bxf5+ 24. Nxf5 Qxa4 25. Nh6+ gxh6 26. Qxd5+ Ne6 27. Qxe6+
Kh8 28. Qf7 Qc2+ 29. Ka1 1-0

[Event "C.to Europeo U16 femminile"]
[Site "Fermo ITA"]
[Date "2009.09.01"]
[Round "2"]
[White "Abdulla, Khayala Mardan Qizi"]
[Black "Kolaric, Spela"]
[Result "0-1"]
[WhiteElo "2113"]
[BlackElo "1914"]
[PlyCount "82"]
[EventDate "2009.08.31"]

1. e4 c5 2. Nf3 e6 3. d4 cxd4 4. Nxd4 a6 5. c4 Nf6 6. Nc3 d6 7. Be3 b6 8. Be2
Bb7 9. f3 Be7 10. O-O O-O 11. a3 Nbd7 12. Rc1 Rc8 13. b4 Qc7 14. Qd2 Qb8 15.
Rc2 Bd8 16. Kh1 Bc7 17. Bg1 Kh8 18. Rb1 Rg8 19. Na4 g5 20. h3 h5 21. Bd3 Rg7
22. c5 dxc5 23. bxc5 Bf4 24. Qd1 bxc5 25. Bxa6 cxd4 26. Rxb7 Qa8 27. Rxc8+ Qxc8
28. Bxd4 Qc6 29. Bxf6 Nxf6 30. Rb6 Qc7 31. Rb4 g4 32. Rc4 Qa5 33. Rc1 Kh7 34.
Bd3 e5 35. fxg4 hxg4 36. h4 Nh5 37. Rc6 Qa7 38. Nc5 Qe7 39. Kg1 Be3+ 40. Kf1
Qxh4 41. Qc2 Nf4 0-1

[Event "C.to Europeo U16 femminile"]
[Site "Fermo ITA"]
[Date "2009.09.01"]
[Round "2"]
[White "Bogdan, Ekaterina"]
[Black "Pavlidou, Ekaterini"]
[Result "1-0"]
[WhiteElo "1943"]
[BlackElo "2179"]
[PlyCount "99"]
[EventDate "2009.08.31"]

1. e4 c5 2. Nf3 Nc6 3. d4 cxd4 4. Nxd4 Nf6 5. Nc3 e6 6. Ndb5 Bc5 7. Bf4 O-O 8.
Bd6 Bxd6 9. Nxd6 Qb6 10. Nc4 Qc5 11. Qd6 b6 12. Qxc5 bxc5 13. Nd6 Rb8 14. O-O-O
Ng4 15. Rd2 Rb4 16. Be2 Nf6 17. Rhd1 Nd4 18. a3 Rb6 19. e5 Nd5 20. Nxd5 exd5
21. Bg4 Ba6 22. Nf5 h5 23. Ne7+ Kh8 24. Bxh5 Bc4 25. Bf3 Rfb8 26. Rxd4 cxd4 27.
Rxd4 g6 28. b3 Re8 29. Nxd5 Bxd5 30. Rxd5 Re7 31. Bg4 Rb7 32. f4 Kg7 33. Rd6
Rb6 34. Rxd7 Rxd7 35. Bxd7 Kf8 36. b4 Ke7 37. Bg4 f6 38. exf6+ Rxf6 39. f5 gxf5
40. Bf3 Re6 41. a4 Ra6 42. a5 Rh6 43. h3 Re6 44. Kd2 Kd6 45. c4 Ke5 46. Kc3 Rh6
47. b5 Kd6 48. Kb4 Rh4 49. b6 a6 50. Bb7 1-0

[Event "C.to Europeo U16 femminile"]
[Site "Fermo ITA"]
[Date "2009.09.01"]
[Round "2"]
[White "Bukhteeva, Viktoria"]
[Black "Kantor, Reka"]
[Result "1-0"]
[WhiteElo "2175"]
[BlackElo "1941"]
[PlyCount "55"]
[EventDate "2009.08.31"]

1. e4 e5 2. Nf3 Nc6 3. Bb5 a6 4. Ba4 Nf6 5. O-O Nxe4 6. d4 b5 7. Bb3 d5 8. dxe5
Be6 9. Nbd2 Be7 10. c3 O-O 11. Bc2 f5 12. exf6 Nxf6 13. Nb3 Bg4 14. Qd3 Ne4 15.
Nbd4 Nxd4 16. Nxd4 Bd6 17. Nc6 Bxh2+ 18. Kxh2 Qh4+ 19. Kg1 Rf5 20. f3 Ng3 21.
Bd2 Nxf1 22. Rxf1 Rh5 23. Ne7+ Kh8 24. fxg4 Qh2+ 25. Kf2 Qh4+ 26. Qg3 Rf8+ 27.
Nf5 Rfxf5+ 28. gxf5 1-0

[Event "C.to Europeo U16 femminile"]
[Site "Fermo ITA"]
[Date "2009.09.01"]
[Round "2"]
[White "Cavalli, Benedetta"]
[Black "Casolino, Rosamaria"]
[Result "0-1"]
[WhiteElo "1521"]
[BlackElo "1826"]
[PlyCount "51"]
[EventDate "2009.08.31"]

1. e4 c5 2. Nc3 e6 3. g3 Nc6 4. Bg2 Nf6 5. Nge2 Be7 6. d4 cxd4 7. Nxd4 a6 8.
O-O O-O 9. Be3 Ne5 10. Qe2 d6 11. h3 Qc7 12. f4 Nc4 13. b3 Nxe3 14. Qxe3 Nd7
15. f5 Nf6 16. g4 h6 17. Nde2 e5 18. Qf3 b5 19. a3 Bb7 20. h4 d5 21. exd5 e4
22. Nxe4 Nxd5 23. g5 Qb6+ 24. Kh1 Ne3 25. Rfc1 hxg5 26. hxg5 0-1

[Event "C.to Europeo U16 femminile"]
[Site "Fermo ITA"]
[Date "2009.09.01"]
[Round "2"]
[White "Collado Barbas, Laura"]
[Black "Krumova, Ani"]
[Result "1/2-1/2"]
[WhiteElo "2055"]
[BlackElo "1904"]
[PlyCount "116"]
[EventDate "2009.08.31"]

1. e4 c5 2. Nc3 Nc6 3. g3 g6 4. Bg2 Bg7 5. d3 e6 6. Be3 Qb6 7. Rb1 Nge7 8. Qd2
d6 9. Bh6 O-O 10. h4 f6 11. Nf3 Nd4 12. Bxg7 Kxg7 13. Nh2 e5 14. Nd1 Be6 15. b3
d5 16. c3 Ndc6 17. exd5 Nxd5 18. Ne3 Nxe3 19. Qxe3 Rad8 20. O-O Rd7 21. Rfd1
Ne7 22. Nf3 Rfd8 23. Bf1 Nf5 24. Qe1 Qc6 25. Bg2 Bd5 26. Qe2 Qa6 27. Bf1 b5 28.
Nd2 b4 29. Ne4 Qb6 30. Rbc1 bxc3 31. Rxc3 Nd4 32. Qe3 Nf5 33. Qe1 Nd4 34. Qe3
Nf5 35. Qe1 Bxe4 36. Qxe4 c4 37. bxc4 Nxg3 38. Qe3 Qxe3 39. fxe3 Nf5 40. Kf2
Nxh4 41. d4 exd4 42. exd4 Rxd4 43. Rxd4 Rxd4 44. c5 Rd7 45. c6 Rc7 46. Bb5 Kf7
47. Rh3 g5 48. Ke3 Ke6 49. Kd4 Kd6 50. Kc4 Re7 51. Rd3+ Kc7 52. Ra3 Kd8 53. Ba6
Nf5 54. Ra5 Nd6+ 55. Kd4 Kc7 56. Bd3 Nc8 57. Be4 h5 58. Rb5 Rxe4+ 1/2-1/2

[Event "C.to Europeo U16 femminile"]
[Site "Fermo ITA"]
[Date "2009.09.01"]
[Round "2"]
[White "Dines, Sheila J."]
[Black "Brunello, Marina"]
[Result "0-1"]
[WhiteElo "1936"]
[BlackElo "2159"]
[PlyCount "64"]
[EventDate "2009.08.31"]

1. e4 c5 2. Nc3 e6 3. f4 Nc6 4. Nf3 a6 5. a4 d5 6. e5 Nge7 7. Be2 Nf5 8. O-O
Be7 9. Kh1 h5 10. d3 h4 11. Qe1 c4 12. Bd1 Bc5 13. Ne2 cxd3 14. cxd3 a5 15. Ng5
b6 16. g4 hxg3 17. Nxg3 Ncd4 18. b3 Ba6 19. Nxf5 Nxf5 20. Rf3 Rc8 21. Bd2 Be7
22. Qg1 Bc5 23. Qe1 Bb7 24. Rf1 Be7 25. b4 axb4 26. Nf3 d4 27. Kg1 Qd5 28. Bxb4
Bh4 29. Qe2 Ne3 30. Qb2 Rh6 31. Be2 Rg6+ 32. Kh1 Rc2 0-1

[Event "C.to Europeo U16 femminile"]
[Site "Fermo ITA"]
[Date "2009.09.01"]
[Round "2"]
[White "Foisor, Mihaela-Veronica"]
[Black "Edes, Zsofia"]
[Result "1-0"]
[WhiteElo "2123"]
[BlackElo "1924"]
[PlyCount "53"]
[EventDate "2009.08.31"]

1. d4 d5 2. c4 e6 3. Nc3 Nf6 4. cxd5 Nxd5 5. e4 Nxc3 6. bxc3 c5 7. Nf3 cxd4 8.
cxd4 Bb4+ 9. Bd2 Bxd2+ 10. Qxd2 O-O 11. Bc4 Nc6 12. O-O b6 13. Rad1 Bb7 14.
Rfe1 Rc8 15. d5 exd5 16. Bxd5 Qe7 17. Qf4 Rfd8 18. Ng5 Rf8 19. Nxf7 Rxf7 20.
Qxf7+ Qxf7 21. Bxf7+ Kh8 22. Bd5 h6 23. Rc1 a6 24. e5 Na5 25. Bxb7 Rxc1 26.
Rxc1 Nxb7 27. e6 1-0